000 00554pam a2200229 a 4500
999 _c6940
_d6940
001 6940
003 BD-JhCC
005 20180210165801.0
008 860612s n a 001 0 eng
020 _a0328102393
035 _a(BD-JhCC) 6940
040 _aBD-JhCC
_dBD-JhCC
041 _aeng
082 0 0 _a510
_bMAT 2006
245 1 0 _aMathematics /
_cRandall I. Charles...[et.all.]
260 _aNew york :
300 _a749 p. :
_bill. ;
_c25 cm.
650 0 _aMathematics
700 _aCharles, Randall I.
942 _2ddc
_cBK